| 000 | 00824nam a2200217Ia 4500 | ||
|---|---|---|---|
| 005 | 20241129105923.0 | ||
| 008 | 241129s9999||||xx |||||||||||||| ||und|| | ||
| 020 | _a978-81-7975-880-9 | ||
| 037 | _aTB | ||
| 040 |
_aARTS _bhin _cARTS |
||
| 041 |
_ahin _2hin |
||
| 084 |
_aWz7 152R0 _qARTS |
||
| 100 |
_aत्रिपाठी, अरूण कुमार, संपा. _9158532 |
||
| 245 | 0 |
_aराष्ट्रवाद, देशभक्ति और देशद्रोह _cत्रिपाठी, अरूण कुमार, संपा. |
|
| 260 |
_aनई दिल्ली, भारत _bअनामिका पब्लिशर्स _c2021 |
||
| 300 | _a364पृ0 | ||
| 365 |
_aINR _b900 |
||
| 650 | _aPolitical Science | ||
| 942 |
_cTB _hWz7 152R0 |
||
| 999 |
_c1226592 _d1226592 |
||